| 000 | 00417nam a2200181Ia 4500 | ||
|---|---|---|---|
| 003 | STCL | ||
| 008 | 230726s9999 xx 000 0 und d | ||
| 020 | _a9780099570332 | ||
| 040 |
_aSTCL _cSTCL _bEN |
||
| 082 | _222 | ||
| 100 | _aBarnes, Julian | ||
| 245 | 4 | _aThe sense of an ending | |
| 260 |
_bVintage Books _aLondon _c2012 |
||
| 300 | _a150 p | ||
| 365 | _b399 | ||
| 546 | _aEnglish | ||
| 942 |
_2DDC _e22 _cBKDDC |
||
| 999 |
_c89544 _d89544 |
||